| 000 | 00781nas a2200253 4500 | ||
|---|---|---|---|
| 001 | BR0102075 | ||
| 003 | BR-BrBNA | ||
| 005 | 20231205102225.0 | ||
| 007 | ta | ||
| 008 | 230509b bl.|||p| |||| 00| 00por d | ||
| 040 |
_aBR-BrBNA _bpor _cBiblioteca Nacional de Agricultura |
||
| 041 | _a(Pt) | ||
| 072 | _aH10 | ||
| 100 | 1 | _aSchwartz, G. | |
| 100 | 1 | _aMare, R.A.D. | |
| 245 | 1 | _aDiversidade de quinze especies de borboletas (Lepidoptera, Papilionidae)em sete comunidades de Santa Maria, RS | |
| 650 | _aBorboleta | ||
| 650 | _aPraga de Planta | ||
| 650 | _aVariedade | ||
| 650 | _aRio Grande do Sul | ||
| 773 | 0 |
_tCiencia Rural (Brazil) _xISSN 0103-8478 _g(Jan-Feb 2001), v. 31(1) p. 49-55 _wBR0102075 |
|
| 909 |
_a202311 _bLúcia _c55 _dLúcia Elande |
||
| 942 |
_2AGRIS _n0 _cANA |
||
| 999 |
_c166403 _d166403 |
||